000
00309nam a22001337a 4500
020
_a
978-8123904986
041
_a
ENG
100
_a
Baianu.I.C
245
_a
Physical Chemistry Of Food Processes Vol 1
260
_a
New Delhi
_b
CBS Publishers
_c
1997
300
_a
368
650
_a
APE
856
_u
APE ( 03 )
999
_c
1713
_d
1713